[Event "Clash of Blames WCE 2024"]
[Site "London"]
[Date "2024.08.19"]
[Round "8"]
[White "Martinez Alcantara, Jose Eduardo"]
[Black "Kramnik, Vladimir"]
[Result "0-1"]
[WhiteElo "2612"]
[BlackElo "2753"]
[Annotator "TA"]
[PlyCount "88"]
[EventDate "2024.08.25"]
[EventType "match"]
[EventRounds "36"]
[EventCountry "ENG"]
[SourceTitle "playchess.com"]
[Source "ChessBase"]
[SourceQuality "1"]

{[%evp 18,88,-8,-37,-29,-72,-26,-88,-87,-122,-44,-40,-39,-26,-33,-29,-64,-64,0,-42,-25,-36,-27,-57,-50,-54,0,0,0,0,0,-1,39,62,64,45,85,85,127,0,0,0,0,0,0,0,0,0,0,0,0,0,143,-224,-229,-226,-226,-637,-350,-29993,-350,-350,-350,-2177,-2035,-1586,-1646,-6275,-6275,-5265,-5185,-5181,-2554]} 1. e4 c5 2. Nf3 d6 3. c3 Nf6 4. Be2 g6 5. O-O Bg7 6. d3 O-O 7. Be3 {is currently scoring better than 7.Nbd2. B50: Sicilian: 2...d6, Miscellaneous.} b6 8. Nbd2 Bb7 9. Qb1 Nbd7 10. h3 e5 $146 ({Predecessor:} 10... d5 11. e5 Ne8 12. d4 cxd4 13. cxd4 f6 14. exf6 Ndxf6 15. Ne5 Nd7 16. f4 Nd6 {1-0 Rahimov,R (2218)-Aripov,I (1841) UZB-ch U20 Tashkent 2008 (6)}) 11. b4 Rc8 (11... cxb4 $17 12. Qxb4 d5) 12. Qb3 (12. a4 $11) 12... d5 $17 13. Bg5 {[#]} c4 (13... dxe4 14. dxe4 h6 15. Bxf6 Nxf6 16. Qb1) (13... h6 $1 $17 {[%cal Rh6g5]} 14. Bh4 Qc7 (14... dxe4 15. dxe4 Qc7 16. Qb1 $15)) 14. dxc4 $15 dxe4 15. Nh2 Qc7 16. Rad1 h6 17. Be3 Rfd8 ({Black should try} 17... Kh7 $15) 18. Rfe1 h5 19. Nhf1 Nf8 20. Qb1 Ne6 21. Ng3 Qc6 (21... Nf4 $15) 22. b5 $11 Qe8 23. Ndxe4 Nxe4 24. Nxe4 Bxe4 25. Qxe4 f5 26. Qc2 e4 27. Rd5 f4 28. Bc1 (28. Rxd8 $16 Rxd8 29. Bc1) 28... Rxd5 $11 29. cxd5 Bxc3 30. dxe6 Bxe1 31. Bc4 e3 $1 32. fxe3 Kh7 33. Qe4 (33. exf4 $2 Qxe6 34. Bxe6 Rxc2 $19) 33... Qe7 34. Bb2 (34. exf4 $2 Qc5+ 35. Kh2 Qxc4 $19) (34. Qxf4 $2 Qc7 35. Qxc7+ Rxc7 $19) 34... Qc5 (34... fxe3 $11 {remains equal.} 35. Bd3 Rg8 (35... Bf2+ 36. Kf1 $14)) 35. Bd3 $2 {[%mdl 8192]} (35. Qxf4 $1 $16 {White wants to mate with Qf7+.} Qf8 (35... Qxc4 36. Qf7+ Kh6 37. Bg7+ Kh7 38. Bf8+ Kh8 39. Qg7#) 36. Qf7+ Qxf7 37. exf7) 35... Qxe3+ $19 (35... fxe3 36. Qxg6#) 36. Qxe3 fxe3 37. Be4 $2 (37. Kf1 Bc3 38. Ba3) 37... Bb4 38. Bc6 $2 (38. Kf1 $19) 38... Bc5 $2 (38... e2 {mates} 39. g3 e1=Q+ (39... e1=B $2 40. Kg2 $19) 40. Kg2 Bc5 (40... Qxe6 {gets mated.} 41. h4 Rxc6 42. bxc6 Qe2+ 43. Kh3 Bc5 44. Bd4 Bxd4 45. a4 Bg1 46. c7 Qh2#) 41. Bd4 Bxd4 42. h4 Qe2+ (42... Qxe6 {is a self mate.} 43. Kf1 Rf8+ 44. Bf3 Rxf3+ 45. Kg2 Rf2+ 46. Kh1 Qe1#) 43. Kh3 Bg1 44. Bh1 Qh2#) 39. Kf1 $19 Rf8+ 40. Ke1 $2 (40. Bf3) 40... Rf2 $19 41. Bc3 Rc2 42. Be5 Bb4+ 43. Kd1 e2+ 44. Kxc2 e1=Q (44... e1=B $2 {perishes.} 45. Bf6 $18) 0-1

[Event "Clash of Blames WCE 2024"]
[Site "London"]
[Date "2024.08.19"]
[Round "9"]
[White "Kramnik, Vladimir"]
[Black "Martinez Alcantara, Jose Eduardo"]
[Result "0-1"]
[WhiteElo "2753"]
[BlackElo "2612"]
[Annotator "TA"]
[PlyCount "114"]
[EventDate "2024.08.25"]
[EventType "match"]
[EventRounds "36"]
[EventCountry "ENG"]
[SourceTitle "playchess.com"]
[Source "ChessBase"]
[SourceQuality "1"]

{[%evp 54,114,42,41,50,45,85,77,106,85,235,0,0,0,0,0,0,-490,-466,-460,-475,-607,-602,-593,-590,-639,-511,-319,-575,-680,-667,-661,-685,-668,-628,-659,-581,-575,-568,-670,-564,-800,-611,-589,-599,-693,-687,-724,-702,-1265,-1211,-6822,-6627,-9933,-6522,-29966,-6549,-29971,-29972,-29972,-29972,-29978,-29979]} 1. e4 e5 2. Nf3 Nc6 3. Bc4 Bc5 4. c3 Nf6 5. d3 d6 6. O-O Bb6 7. Nbd2 O-O 8. Bb3 Ne7 9. Nc4 Ng6 10. h3 h6 11. Bc2 {C54: Giuoco Piano: 4 c3 Nf6, main lines with 5 d4 and 5 d3.} Re8 $5 {[%mdl 4] Exploring less charted territory.} 12. Re1 Be6 13. Nxb6 axb6 14. d4 c5 15. Be3 $146 ({Predecessor:} 15. a3 Qc7 16. Be3 Bd7 17. Nd2 b5 18. dxc5 dxc5 19. b4 c4 20. a4 bxa4 21. Bxa4 Bxa4 22. Rxa4 {0-1 Fenil,S (2384)-Savic,M (2486) Paracin Winter GM 2019 (1)}) 15... Qe7 16. a4 Rec8 17. d5 Bd7 18. Nd2 b5 19. axb5 Bxb5 20. Rxa8 Rxa8 21. Qb1 Rc8 22. c4 Bd7 23. b4 b6 24. bxc5 bxc5 25. Qb7 Qd8 26. Rb1 Ra8 27. Bd3 Ra3 28. Bf1 Ne8 29. Qb8 Qxb8 30. Rxb8 Kf8 {[#]} 31. Nb3 $1 Ke7 {[#]} (31... Kg8 $16) 32. Rb7 $2 (32. Nxc5 $1 $18 Rxe3 33. Nxd7 Rxe4 34. Rb7) 32... Kd8 $11 33. Nd2 Kc8 34. Rb2 Ne7 35. f4 $2 {[%mdl 8192]} (35. g4 $11) 35... Rxe3 $19 36. fxe5 dxe5 37. Ra2 Nd6 38. Kf2 Rc3 (38... Nxe4+ $2 {too greedy.} 39. Kxe3 Nxd2 40. Kxd2 $16) 39. Ra5 Nb7 40. Ra8+ Kc7 41. Rf8 Nd6 42. Ra8 Nec8 43. Be2 Rc2 44. Ke3 Rb2 45. Bd3 Rb7 46. Nf3 f6 47. Nh4 Ra7 48. Rxa7+ Nxa7 49. g4 Nac8 50. Kd2 Ne7 51. Nf5 Bxf5 52. gxf5 g6 53. fxg6 Nxg6 54. Ke3 h5 (54... Nf4 $142 55. Bf1 h5 56. Kf3 Nf7 57. d6+ Kd7 (57... Kxd6 $2 58. h4 $19) (57... Nxd6 $2 58. h4 $19) 58. h4 Nxd6 (58... Kxd6 $2 59. Kf2 $19) 59. Ke3 Ke7 60. Kf3 Ng6 61. Be2 Nxh4+ 62. Kg3 Ng6 (62... Nxe4+ $2 63. Kh2 $19) 63. Bxh5 Nxe4+ 64. Kf3 Nf4 65. Bg4 Nd2+ 66. Kf2 Nxc4 67. Bf3 Nd6 68. Bc6 c4 69. Ba4 Nd5 70. Bc6 Nb4 71. Bf3 c3 72. Ke1 e4 73. Bh5 c2 74. Kd2 Nc4+ 75. Kc3 Ne5 (75... c1=R+ {leads to mate.} 76. Kd4 f5 77. Be2 Nc6+ 78. Kc5 Ne3+ 79. Kb5 Nd4+ 80. Kb6 Nxe2 81. Kb5 Nd5 82. Ka6 Rc7 83. Ka5 Nd4 84. Ka6 Kd6 85. Ka5 Ra7#) 76. Kxb4 c1=Q (76... c1=B $2 77. Bd1 $19) 77. Be2 Qb2+ 78. Kc5 Nd7+ (78... Qxe2 {gets mated.} 79. Kb4 Qc4+ 80. Ka5 Nc6+ 81. Kb6 Kd6 82. Kb7 Qb5+ 83. Kc8 Qb8#) 79. Kd5 Qxe2 80. Kc6 Qa6+ 81. Kd5 f5 82. Kd4 Qd3#) 55. Be2 Nf4 56. Bf1 Kb6 57. h4 Ka5 0-1

[Event "Clash of Blames WCE 2024"]
[Site "London"]
[Date "2024.08.19"]
[Round "10"]
[White "Martinez Alcantara, Jose Eduardo"]
[Black "Kramnik, Vladimir"]
[Result "0-1"]
[WhiteElo "2612"]
[BlackElo "2753"]
[Annotator "TA"]
[PlyCount "171"]
[EventDate "2024.08.25"]
[EventType "match"]
[EventRounds "36"]
[EventCountry "ENG"]
[SourceTitle "playchess.com"]
[Source "ChessBase"]
[SourceQuality "1"]

{[%evp 11,171,3,0,-17,0,-10,-5,-28,-10,-41,-16,-49,-53,-33,-44,-42,-64,-46,-34,-70,-69,-71,-58,-67,-75,-81,-34,-39,-37,-36,-17,-56,-15,-25,-16,-67,-55,-75,-74,-77,-76,-77,-68,-140,-104,-108,-90,-127,-100,-125,-91,-183,-170,-180,-156,-148,-148,-202,-179,-205,-175,-179,-139,-182,-146,-138,-147,-251,-256,-235,-184,-197,-127,-221,-225,-266,-263,-254,-223,-385,-378,-395,-255,-265,-120,-404,-354,-380,-379,-365,-377,-381,0,-812,-798,-802,-801,-866,-829,-849,-882,-1081,-1085,-975,-807,-1244,-1135,-1220,-1168,-2433,-910,-864,-841,-885,-844,-886,-868,-905,-804,-961,-888,-930,-898,-959,-966,-1320,-720,-852,-933,-899,-835,-1047,-806,-949,-896,-1304,-1158,-1209,-912,-979,-943,-1096,-1142,-2823,-2197,-6065,-5681,-2964,-1781,-29976,-29979,-29980,-29978,-29986,-29977,-29987,-29988,-29990,-29991,-29991,-29992,-29994]} 1. e4 c5 2. Nf3 d6 3. c3 Nf6 4. Be2 g6 5. O-O Bg7 6. d3 O-O 7. Be3 b6 8. Nbd2 Bb7 9. Qb1 {The position is equal.} Nc6 10. h3 e5 11. b4 cxb4 12. cxb4 d5 13. b5 Na5 14. Qb4 Re8 15. Bg5 h6 16. Bh4 g5 17. Bg3 Nh5 18. Rad1 (18. Bxe5 $2 Bxe5 19. Nxe5 Nf4 $19) 18... Nf4 (18... Qe7 $17 19. Qb1 Rad8) 19. Bxf4 $15 exf4 20. e5 Qe7 21. a3 (21. Qxe7 {simplifies} Rxe7 22. Nd4 Rxe5 23. Bh5) 21... Rac8 (21... Bxe5 22. Nxe5 Qxe5 23. Bg4 $11) 22. Rfe1 Bf8 (22... Bxe5 23. Nxe5 Qxe5 24. Nb3 Nxb3 25. Bg4 $16) 23. Rb1 (23. Qb1 $11) 23... Qc7 24. Qb2 Qc3 25. a4 Qxb2 26. Rxb2 Rc3 27. Bf1 ({White should try} 27. Rbb1 $15) 27... Bc8 28. Nb1 Rc7 29. Nd4 Bg7 30. Nf3 Bf5 31. d4 (31. Nbd2 $17 {might work better.}) 31... Rec8 $19 32. Nbd2 Rc2 33. Rxc2 Rxc2 34. Rd1 (34. g3 $17) 34... Bf8 35. Ne1 Rc3 36. Ndf3 Be4 37. Bd3 Nb3 38. Kf1 Nc1 {Black is much more active.} 39. Be2 (39. Bc2 $17 {was necessary.} Ba3 (39... Bxc2 40. Rxc1 Bd3+ 41. Nxd3 $14) 40. Bxe4 dxe4 41. Ng1) 39... Nxe2 40. Kxe2 Rc4 41. Ra1 Rb4 (41... Bb4 $19 42. Ra2 Bg6) 42. Ra2 {[#]} (42. Nd3 $17 {is a better defense.} Rb3 43. Nfe1) 42... Bb1 $1 43. Rd2 Rxa4 44. Nd3 Ba2 45. Nb2 (45. Rb2 {was the only defense.}) 45... Ra5 46. Rc2 Rxb5 {And now ...Bb1 would win.} 47. Nd2 a5 (47... Rb4 $19 {and Black stays clearly on top.} 48. Nd1 Bc4+ 49. Nxc4 Rxc4 50. Rxc4 dxc4) 48. Nd3 $2 {[%mdl 8192]} (48. Na4 $17 Bb3 49. Nxb3 Rxb3 50. Nc3) 48... Bb1 49. Rc8 Bxd3+ 50. Kxd3 {[%mdl 4096] Endgame. KRB-KRN} Kg7 51. Rc7 Kg8 $2 ({Black should play} 51... Rb2 $19 52. e6 Bb4 53. Rxf7+ Kg6) 52. Ra7 $2 {[%mdl 8192]} (52. Rc8 $11 a4 53. Kc2) 52... Rb2 53. Ra8 Kg7 {Hoping for ...Bb4.} 54. Ra7 Bb4 55. Nf3 Kg6 56. Ra6 Rxf2 57. Rxb6+ Kg7 58. e6 fxe6 59. Rxe6 Rxg2 {...Rf2 is the strong threat.} 60. Ra6 Rg3 61. Ke2 Rxh3 62. Ne5 Re3+ 63. Kf2 Be1+ 64. Kf1 Bc3 65. Ra7+ Kf8 66. Ra8+ Ke7 67. Ra6 f3 {Threatens to win with ...Re1+.} (67... Bxd4 68. Nc6+ Ke6 69. Nxd4+ Ke5 70. Nc6+ Ke4 71. Rxa5 $19) 68. Kf2 Re4 ({Not} 68... Bxd4 69. Nc6+ Kd7 70. Nxd4 $15) 69. Kxf3 Bxd4 70. Nc6+ Kd7 {Strongly threatening ...g4+.} 71. Nxa5 Rf4+ 72. Kg2 h5 73. Nc6 Bf6 74. Na5 h4 75. Nb3 Be7 {aiming for ...g4.} 76. Ra7+ Ke6 {White must now prevent ...g4.} 77. Ra6+ Kf7 {...g4 would now be deadly.} 78. Nc1 g4 79. Nd3 Re4 {( -> ...h3+)} 80. Ra7 h3+ {Black mates.} 81. Kg3 Ke6 82. Nf2 Bd6+ 83. Kh4 {[#]} h2 $1 84. Ra1 (84. Nh1 g3+) 84... g3+ 85. Nxe4 g2 86. Ng5+ {Weighted Error Value: White=0.65/Black=0.25 (precise) .  Loses game:     	White=2     	---        Missed win:     	---       	Black=1      Mistake:       	White=7     	Black=3      Inaccurate:     	White=6     	Black=2      OK:         	White=15    	Black=17     Best:        	White=1     	Black=2      Strong:       	---       	Black=1} 0-1

[Event "Clash of Blames WCE 2024"]
[Site "London"]
[Date "2024.08.19"]
[Round "11"]
[White "Kramnik, Vladimir"]
[Black "Martinez Alcantara, Jose Eduardo"]
[Result "0-1"]
[WhiteElo "2753"]
[BlackElo "2612"]
[Annotator "ChessBase"]
[PlyCount "105"]
[EventDate "2024.08.25"]
[EventType "match"]
[EventRounds "36"]
[EventCountry "ENG"]
[SourceTitle "playchess.com"]
[Source "ChessBase"]
[SourceQuality "1"]

1. e4 e5 2. Nf3 Nc6 3. Bb5 a6 4. Ba4 d6 5. O-O Bd7 6. c3 Nf6 7. Re1 Be7 8. d4 O-O 9. h3 Re8 10. d5 Nb8 11. Bxd7 Nbxd7 12. c4 g6 13. Nc3 Nh5 14. Rb1 Ng7 15. b4 f5 16. c5 Nf6 17. Ng5 Qc8 18. Qb3 fxe4 19. Ncxe4 Nxe4 20. Nxe4 Nf5 21. Bb2 Qd8 22. Rbd1 Bf8 23. a4 Bg7 24. a5 Kh8 25. Qc4 Rb8 26. g3 Rf8 27. Kg2 h6 28. Rc1 Rf7 29. Qd3 Ne7 30. Red1 Qd7 31. cxd6 cxd6 32. Qe3 Rbf8 33. Qb6 Qf5 34. Qe3 Qd7 35. Qe2 Nf5 36. Rc4 Nd4 37. Bxd4 exd4 38. f4 Qb5 39. Rc2 Qxd5 40. Qf3 Re7 41. Nf2 Qb5 42. Rdc1 Re3 43. Qg4 Qd5+ 44. Kh2 d3 45. Rc8 Rxc8 46. Rxc8+ Kh7 47. Rc7 Re2 48. Kg1 Re1+ 49. Kh2 Rf1 50. Rxg7+ Kxg7 51. Qd7+ Qf7 52. Qxd6 Rxf2+ 53. Kg1 0-1

[Event "Clash of Blames WCE 2024"]
[Site "London"]
[Date "2024.08.19"]
[Round "12"]
[White "Martinez Alcantara, Jose Eduardo"]
[Black "Kramnik, Vladimir"]
[Result "1-0"]
[WhiteElo "2612"]
[BlackElo "2753"]
[Annotator "ChessBase"]
[PlyCount "88"]
[EventDate "2024.08.25"]
[EventType "match"]
[EventRounds "36"]
[EventCountry "ENG"]
[SourceTitle "playchess.com"]
[Source "ChessBase"]
[SourceQuality "1"]

1. e4 c5 2. Nf3 d6 3. c3 Nf6 4. Be2 g6 5. O-O Bg7 6. d3 O-O 7. Be3 b6 8. Nbd2 Bb7 9. Qb1 Nc6 10. h3 e5 11. b4 cxb4 12. cxb4 d5 13. Qb3 h6 14. exd5 Nxd5 15. a3 Nd4 16. Bxd4 exd4 17. Rfe1 Rc8 18. Bf1 Kh7 19. Rac1 Rc3 20. Qb2 Nf4 21. Qb1 Rxa3 22. Ne4 Bxe4 23. Rxe4 Nd5 24. Qb2 Rc3 25. Rce1 a5 26. bxa5 bxa5 27. Nxd4 a4 28. Qb5 a3 29. Nc6 Qd6 30. Ne5 a2 31. d4 Nf6 32. R4e2 Ra8 33. Qb7 a1=Q 34. Qxf7 Qa7 35. Qxg6+ Kg8 36. Ng4 Kf8 37. Re6 Qaxd4 38. Nxf6 Qxf2+ 39. Kxf2 Qd4+ 40. R1e3 Rxe3 41. Nh7+ Kg8 42. Rxe3 Ra2+ 43. Kf3 Qd5+ 44. Kg3 Ra8 1-0

[Event "Clash of Blames WCE 2024"]
[Site "London"]
[Date "2024.08.20"]
[Round "13"]
[White "Kramnik, Vladimir"]
[Black "Martinez Alcantara, Jose Eduardo"]
[Result "1-0"]
[WhiteElo "2753"]
[BlackElo "2612"]
[Annotator "TA"]
[PlyCount "89"]
[EventDate "2024.08.25"]
[EventType "match"]
[EventRounds "36"]
[EventCountry "ENG"]
[SourceTitle "playchess.com"]
[Source "ChessBase"]
[SourceQuality "1"]

{[%evp 21,89,17,24,8,24,17,20,11,33,26,25,18,23,6,36,0,0,-14,11,12,20,20,20,2,18,29,38,16,18,18,34,0,10,15,25,31,30,0,50,42,40,0,41,6,53,19,93,0,98,70,85,52,344,291,685,653,851,846,1188,1188,1648,1662,2297,1745,29988,29988,29988,29989,29990,29989]} 1. e4 e5 2. Nf3 Nc6 3. Bc4 Bc5 4. c3 Nf6 5. d3 d6 6. O-O Bb6 7. a4 h6 {7...a5 is a critical line. C54: Giuoco Piano: 4 c3 Nf6, main lines with 5 d4 and 5 d3.} 8. Nbd2 O-O 9. Bb3 a6 10. Re1 Re8 11. Nc4 Ba7 12. Be3 Bxe3 13. Nxe3 Be6 14. a5 Ne7 $146 ({Predecessor:} 14... Rb8 15. Ba4 Bd7 16. Bc2 Ne7 17. d4 Ng6 18. dxe5 dxe5 19. g3 Bc6 20. Qxd8 Rbxd8 {1-0 Degraeve,J (2546)-Jenni,F (2511) Bundesliga 0708 2007 (7.5)}) 15. Bxe6 fxe6 16. Qb3 Qd7 17. d4 (17. Qxb7 $2 Reb8 $19) 17... Nxe4 18. Qxb7 (18. Nf1 $14 Ng5 19. Nxg5 (19. Qxb7 $2 {perishes.} Reb8 $19) 19... hxg5 20. Qd1 (20. dxe5 d5 $14) (20. Qxb7 Nc6 $17)) 18... Nf6 $11 19. Qb3 (19. dxe5 $2 {loses.} Reb8 $19) 19... e4 20. Nd2 Rab8 21. Qc2 Qc6 22. b4 Nf5 23. Rac1 Kh8 24. f3 exf3 25. Nxf3 Qb5 26. Qe2 Nxe3 27. Qxe3 Qf5 28. Qe2 Ra8 29. c4 Kg8 (29... Rab8 $11) 30. Qc2 Reb8 31. Qb3 Re8 32. Rb1 Rab8 (32... e5 $1 $11 {should be considered.}) 33. b5 Kh8 (33... axb5 $11 34. cxb5 c6) 34. b6 ({White should play} 34. Rf1 $16) 34... cxb6 (34... Qxa5 $11 {keeps the balance.} 35. b7 e5) 35. axb6 $16 Rec8 36. Qa4 Ne4 $2 {[%mdl 8192]} ({Black should try} 36... Qd3 $14) 37. Qxa6 d5 $2 (37... Qf4 38. b7 Rf8) 38. c5 $18 e5 39. b7 (39. Nxe5 Qf2+ 40. Kh1 Qxd4 41. Nf7+ Kg8 $19) 39... Rf8 40. c6 Nc3 41. Rbc1 exd4 42. c7 d3 43. cxb8=Q Rxb8 44. Rxc3 d2 45. Rd1 1-0

[Event "Clash of Blames WCE 2024"]
[Site "London"]
[Date "2024.08.20"]
[Round "14"]
[White "Martinez, Jose"]
[Black "Kramnik, Vladimir"]
[Result "1/2-1/2"]
[WhiteElo "2691"]
[BlackElo "2676"]
[Annotator "TA"]
[PlyCount "104"]
[EventDate "2024.08.25"]
[EventType "match"]
[EventRounds "36"]
[EventCountry "ENG"]
[SourceTitle "playchess.com"]
[Source "ChessBase"]
[SourceQuality "1"]

{[%evp 14,104,0,0,10,5,-5,0,5,22,14,26,11,12,34,10,16,-10,0,0,-6,-47,-6,-18,-14,-6,-15,-18,0,-3,0,-64,-69,-92,-99,-176,-163,-166,-138,-141,-156,-172,-158,-185,-189,-224,-218,-214,-232,-137,0,0,0,0,0,0,0,0,0,0,0,0,0,0,0,0,0,0,0,0,0,0,0,0,0,0,0,0,0,0,0,0,0,0,0,0,0,0,0,0,0,0,0]} 1. e4 c5 2. Nf3 d6 3. Bc4 Nf6 4. d3 Nc6 5. c3 g6 6. O-O Bg7 7. h3 O-O 8. Bb3 Rb8 9. Re1 b5 10. d4 b4 11. e5 dxe5 12. dxe5 Qxd1 13. Rxd1 Ne8 {[%cal Bf6e8,Be8c7,Bc7a6,Ba6b4,Bb4a2][%mdl 32]} 14. Bf4 {[%cal Oe5e6] aiming for e6!} Be6 15. Nbd2 bxc3 16. bxc3 Nc7 17. Rac1 Na5 18. c4 h6 {Dodges Bg5} 19. Be3 Na6 20. Ba4 Rfc8 21. Bb5 Nb4 {[%cal Oa7a6]} (21... Nc7 {simplifies} 22. Bxc5 Nxb5 23. cxb5 Rxb5 24. Bxa7 Rxc1 25. Rxc1 Bxa2 26. Rc8+ Kh7) 22. Ne4 (22. Nb3 $11 a6 23. Bd7 (23. Bxa6 $2 Nxb3 24. Bxc8 Nxc1 $19) 23... Bxd7 (23... Nxc4 24. Nxc5 Nxe3 25. Bxc8 $11) (23... Nxb3 24. axb3 Bxd7 25. Rxd7 $11) 24. Rxd7) 22... Nxa2 $15 23. Ra1 Nxc4 (23... Bxc4 $2 {too greedy.} 24. Bxc4 Nxc4 25. Rxa2 $18) 24. Bd7 {[#]} (24. Bxc4 $17 {is a better defense.} Bxc4 25. Bxc5) 24... Nxe3 $1 $19 25. fxe3 {Threatens to win with Bxe6.} Bxd7 26. Rxd7 Nb4 {...c4 is the strong threat.} 27. Raxa7 Nc6 28. Rac7 {[#]} c4 $1 ({Don't take} 28... Nxe5 29. Nxe5 Bxe5 30. Rxc5 Rxc5 31. Nxc5 $17) 29. Kf2 Nxe5 30. Rxe7 Nxf3 31. Kxf3 {[#]} Rxc7 (31... c3 $1 $17 {[%cal Rc3c2]} 32. Nf2 (32. Rxf7 $2 {is the wrong capture.} Be5 $19) 32... c2) 32. Rxc7 {[%mdl 4096] Endgame. KRB-KRN. The position is equal.} Be5 33. Rxc4 Kg7 34. Rc5 Re8 35. Rb5 Re7 36. g4 Ba1 37. Ra5 Be5 38. h4 f6 39. Rb5 h5 40. gxh5 gxh5 41. Rb1 Rc7 42. Rg1+ Kf7 43. Rd1 Rc4 44. Rd5 {[%cal Od5e5] Strongly threatening Rxe5!} Kg6 45. Ra5 Rb4 46. Rc5 Rb2 47. Nf2 Rb3 48. Rc4 {Prevents Bd4.} Ra3 49. Rb4 Bd6 50. Rc4 Be5 51. Re4 Bd6 52. Rc4 Be5 {Whites escaped into a draw.   Weighted Error Value: White=0.12 (very precise) /Black=0.08 (flawless) .  Mistake:       	White=2     	Black=1      Inaccurate:     	White=2     	Black=1      OK:         	White=14    	Black=17     Best:        	---       	Black=4      Strong:       	---       	Black=1} 1/2-1/2

[Event "Clash of Blames WCE 2024"]
[Site "London"]
[Date "2024.08.20"]
[Round "14"]
[White "Martinez Alcantara, Jose Eduardo"]
[Black "Kramnik, Vladimir"]
[Result "1/2-1/2"]
[WhiteElo "2612"]
[BlackElo "2753"]
[Annotator "TA"]
[PlyCount "104"]
[EventDate "2024.08.25"]
[EventType "match"]
[EventRounds "36"]
[EventCountry "ENG"]
[SourceTitle "playchess.com"]
[Source "ChessBase"]
[SourceQuality "1"]

{[%evp 16,104,16,0,-7,0,18,28,20,21,18,19,45,11,14,-14,-11,-13,0,-33,-14,-20,-16,-6,-14,-33,0,0,0,-85,-59,-91,-96,-188,-155,-167,-148,-129,-156,-192,-187,-168,-172,-217,-212,-184,-212,-144,0,0,0,0,0,0,0,0,0,0,0,0,0,0,0,0,0,0,0,0,0,0,0,0,0,0,0,0,0,0,0,0,0,0,0,0,0,0,0,0,0,0,0]} 1. e4 c5 2. Nf3 d6 3. Bc4 Nf6 4. d3 Nc6 5. c3 g6 6. O-O Bg7 7. h3 {Recently 7.Re1 got a lot of attention.} O-O 8. Bb3 Rb8 {B50: Sicilian: 2...d6, Miscellaneous.} 9. Re1 b5 10. d4 b4 11. e5 dxe5 12. dxe5 Qxd1 13. Rxd1 Ne8 14. Bf4 (14. Rd5 $5) 14... Be6 15. Nbd2 bxc3 $146 ({Predecessor:} 15... Nc7 16. Bxe6 Nxe6 17. Bg3 bxc3 18. bxc3 Rfd8 19. Nc4 Kf8 20. Kf1 Ke8 21. Ke2 Bh6 {1-0 Seul,G (2401)-Videnova,I (2353) Titled Tuesday intern op 1st Aug blitz 2017 (8)}) 16. bxc3 Nc7 17. Rac1 Na5 18. c4 h6 19. Be3 Na6 $1 20. Ba4 (20. Bc2 $5) 20... Rfc8 21. Bb5 Nb4 22. Ne4 (22. Nb3 $11 {keeps the balance.} a6 23. Bd7 (23. Bxa6 $2 Nxb3 24. Bxc8 Nxc1 $19) 23... Bxd7 (23... Nxc4 24. Bxc8 Rxc8 25. Bxc5 $14) (23... Nxb3 24. axb3 Bxd7 25. Rxd7 $11) 24. Rxd7) 22... Nxa2 $17 23. Ra1 Nxc4 (23... Bxc4 $2 24. Bxc4 Nxc4 25. Rxa2 $18) 24. Bd7 (24. Bxc4 $17 Bxc4 25. Bxc5) 24... Nxe3 25. fxe3 Bxd7 26. Rxd7 Nb4 27. Raxa7 Nc6 28. Rac7 {[#]} c4 $1 ({Much less strong is} 28... Nxe5 29. Nxe5 Bxe5 30. Rxc5 Rxc5 31. Nxc5 $17) 29. Kf2 Nxe5 30. Rxe7 Nxf3 31. Kxf3 {[#]} Rxc7 ({Black should try} 31... c3 $1 $17 {[%cal Rc3c2] White must now prevent ...c2.} 32. Nf2 (32. Rxf7 $2 {is the wrong capture.} Be5 $19) 32... c2) 32. Rxc7 $11 Be5 33. Rxc4 Kg7 34. Rc5 Re8 35. Rb5 Re7 36. g4 Ba1 37. Ra5 Be5 38. h4 f6 39. Rb5 h5 40. gxh5 gxh5 41. Rb1 Rc7 42. Rg1+ Kf7 43. Rd1 Rc4 44. Rd5 Kg6 45. Ra5 Rb4 46. Rc5 Rb2 47. Nf2 Rb3 48. Rc4 Ra3 49. Rb4 Bd6 50. Rc4 Be5 51. Re4 Bd6 52. Rc4 Be5 1/2-1/2

[Event "Clash of Blames WCE 2024"]
[Site "London"]
[Date "2024.08.20"]
[Round "15"]
[White "Kramnik, Vladimir"]
[Black "Martinez Alcantara, Jose Eduardo"]
[Result "1/2-1/2"]
[WhiteElo "2753"]
[BlackElo "2612"]
[Annotator "TA"]
[PlyCount "117"]
[EventDate "2024.08.25"]
[EventType "match"]
[EventRounds "36"]
[EventCountry "ENG"]
[SourceTitle "playchess.com"]
[Source "ChessBase"]
[SourceQuality "1"]

{[%evp 41,117,0,21,-43,0,0,0,-68,-81,-48,-77,-72,-73,-75,-81,-59,-39,-104,-41,-85,-95,-124,-89,-108,-102,-110,-62,-86,-52,-63,58,75,62,51,90,100,116,119,212,0,0,-4,0,0,0,0,0,0,0,0,0,-8,-8,-8,-8,-8,-8,-10,-8,-10,-10,-10,-8,-8,-8,-14,-8,-8,-8,-14,-8,-14,0,-14,0,-14,0,-14]} 1. e4 e5 2. Nf3 Nc6 3. Bc4 Bc5 4. c3 Nf6 5. d3 d6 6. O-O Bb6 7. a4 h6 {7...a5 gains popularity. C54: Giuoco Piano: 4 c3 Nf6, main lines with 5 d4 and 5 d3.} 8. Re1 O-O 9. Nbd2 a6 10. b4 Ne7 11. a5 Ba7 12. Nf1 Be6 13. Ba2 $146 ({Predecessor:} 13. Bxe6 fxe6 14. Qb3 Qd7 15. Ng3 Ng6 16. d4 Qf7 17. Be3 Ng4 18. Rad1 exd4 19. cxd4 {½-½ Alonso Gonzalez,C (2488)-Aymard,M (2114) WS TT/2/08/fin Italian Game email 2009}) 13... Ng6 14. Be3 Bxe3 15. Nxe3 Qd7 16. Bb1 c6 17. d4 Qc7 18. c4 Rad8 19. d5 Bc8 20. dxc6 bxc6 21. Bc2 Be6 22. g3 ({White should play} 22. Qd2 $11) 22... Rb8 23. Qd2 c5 24. b5 (24. bxc5 $11 Qxc5 25. Rec1) 24... axb5 $15 25. cxb5 Rxb5 26. Red1 Rd8 27. a6 c4 28. Qc3 Ra8 29. Ra4 (29. Nd2 $15) 29... Rc5 (29... Ne7 $17 30. Qa3 Rc5) 30. Rda1 Ne7 31. Ra5 Ra7 32. Rxc5 Qxc5 33. Nd2 {[#]} Qc6 (33... Nc6 $1 $17 34. Ndxc4 Bc8) 34. Qa5 c3 35. Nb1 $1 d5 (35... Bc8 $15) 36. exd5 $14 (36. Qd8+ {seems wilder.} Qe8 37. Qxe8+ Nxe8 38. exd5 Nxd5 39. Nxd5 Bxd5 40. Nxc3 Bc6 41. Bd3) 36... Nexd5 37. Nxd5 Qxd5 38. Nxc3 (38. Qxc3 Bh3 39. f3 Qb5 $19) (38. Qb6 Qa8 39. Nxc3 Bh3 $19) 38... Qxa5 39. Rxa5 Bc4 {[#]} (39... Bc8 $16) 40. Rxe5 $2 (40. Ra4 $1 $18 {[%cal Ra4c4]} Bxa6 41. Nb5 Bxb5 (41... Ra8 $2 42. Nc7 $18) 42. Rxa7) 40... Rxa6 $11 41. Re1 Rc6 42. Ne4 Kf8 43. Nxf6 Rxf6 44. Be4 Re6 45. Re3 Re5 46. Bf3 Rxe3 47. fxe3 Ke7 48. Kf2 Kf6 49. h4 Ke5 50. Bg4 Bd5 51. Be2 g5 52. hxg5 hxg5 53. Bd3 Be4 54. Bc4 f5 55. Be2 Bd5 56. Bb5 Be4 57. Be2 Bd5 58. Bb5 Be4 59. Be2 1/2-1/2